Hồ Chí Minh với vấn đề đạo tạo cán bộ

Enregistré dans:
Détails bibliographiques
Format: Livre
Publié: 1995
Tags: Ajouter un tag
Pas de tags, Soyez le premier à ajouter un tag!
Thư viện lưu trữ: Mạng thư viện Đại học Đà Nẵng
LEADER 00465nam a22001811a 4500
001 000039008
003 15303
005 20160412021906.0
008 160412s1995 000
082 |a 4V(TK)456 
245 |a Hồ Chí Minh với vấn đề đạo tạo cán bộ  |c Đức Vượng 
260 |c 1995 
OWN |a LNN 
999 |a From the UDN01 
TYP |a Monograph 
980 |a Mạng thư viện Đại học Đà Nẵng